=LDR 00000nam 2200000 4500 =001 INLIS000000000007078 =005 20130612095132 =008 ***********************************Ind** =035 ##$$0010-061300000007078 =041 ##$$a Ind =082 ##$$a 92 (Wijaya Kusuma) =090 ##$$a 92 (Wijaya Kusuma), Sit p =100 ##$$a Siti Nafsiah =245 ##$$a Prof. Hembing, Pemenang the star of Asia Award, Siti Nafsiah =260 ##$$a 2000 $b Jakarta =300 ##$$a xvi, 380 hlm., 24 cm =650 ##$$a Biografi =850 ##$$a NBPNMAT